Irak ülke raporu (Record no. 8687)

MARC details
000 -BAŞLIK
Sabit Uzunlukta Kontrol Alanı 00857na a2200277 4500
001 - KONTROL NUMARASI
Denetim Alanı 16896
003 - KONTROL NUMARASI IDENTIFIER
Denetim Alanı MIRAKIL
005 - SON İŞLEM TARİHİ VE ZAMANI
Denetim Alanı 20181213155221.0
008 - SABİT-BOY VERİ ELEMANLARI - GENEL BİLGİLER
Sabit Uzunlukta Kontrol Alanı 161017b tu 000 0
020 ## - ULUSLARARASI STANDART KİTAP NUMARASI
Uluslararası Standart Kitap Numarası 9757215457
035 ## - SİSTEM KONTROL NUMARASI
Sistem Kontrol Numarası 16896
040 ## - KATALOGLAMA KAYNAK
Orijinal Kataloglama Ajansı Milas
Kataloglama Dili tur
Metne Dönüştürmek Ajansı TR-AnCHP
041 ## - DİL KODU
Metin / Ses Parça Veya Ayrı Başlığın Dil Kodu tur
082 ## - DEWEY ONLU SINIFLANDIRMA NUMARASI
Sınıflandırma Numarası 382.61
Ürün Numarası I62 2004
090 ## - SINIFLAMA NUMARASI
Sınıflama Numarası 382.61 I62 2004
245 ## - BAŞLIK TABLOSU
Başlık Irak ülke raporu
Başlığın Kalan Irak'ın yeniden yapılandırılması ve Türkiye'nin rolü
Sorumluluk Tablosu, Vb hazırlayan Hakan Kıyıcı
246 ## - UNVAN FORM VARYING
Başlık Doğru / Kısa Başlığı Irak'ın yeniden yapılandırılması ve Türkiye'nin rolü
260 ## - YAYIN, DAĞITIM, VB
Yayın, Dağıtım, Vb Yeri İstanbul
Yayıncı, Dağıtıcı, Vs Adı MÜSİAD
Yayın, Dağıtım, Vb Tarihi 2004
300 ## - FİZİKSEL TANIM
Kapsam 63 s.
Diğer Fiziksel Ayrıntıları res.; tbl.; hrt.
Boyutlar 20 sm.
490 ## - SERİSİ TABLOSU
Seri Beyanı MÜSİAD Cep Kitapları
Hacim / Ardışık Tanımı 16
650 ## - KONU KATMA GİRİŞ - TOPİKAL DÖNEM
Topikal Süreli Veya Coğrafi Ad Giriş Elemanı Irak
Genel Alt Bölümü Raporlar
650 ## - KONU KATMA GİRİŞ - TOPİKAL DÖNEM
Topikal Süreli Veya Coğrafi Ad Giriş Elemanı Dış politika
Coğrafi Alt Bölümü Türkiye
650 ## - KONU KATMA GİRİŞ - TOPİKAL DÖNEM
Topikal Süreli Veya Coğrafi Ad Giriş Elemanı Siyaset ve yönetim
Genel Alt Bölümü Tarih
Coğrafi Alt Bölümü Irak
700 ## - KATMA GİRİŞ - KİŞİSEL İSİM
Kişisel Ad Kıyıcı, Hakan
942 ## - EKLENDİ GİRİŞ ELEMANLARI (KOHA)
Sınıflandırma Veya Raf Düzeni Kaynak
Koha Öğesi Türü Books
999 ## - SİSTEM KONTROL NUMARALARI (KOHA)
Koha Biblionumber 8687
Koha Biblioitemnumber 8687
Holdings
Kalıcı Konum Mevcut Konum Edinme Tarihi Edinim Kaynak Toplam Check-Out'Lar Tam Çağrı Numarası Barkod Tarih Son Görülme İtibaren Geçerli Fiyatlar Koha Öğesi Türü
CHP Kütüphanesi CHP Kütüphanesi 10/17/2016 Bağış   382.61 I62 2004 005785 10/17/2016 10/17/2016 Books